Fr. Conceicao Rodrigues College of Engineering

Statistics (Record no. 19945)

MARC details
000 -LEADER
fixed length control field 00250nam a2200121Ia 4500
100 ## - MAIN ENTRY--PERSONAL NAME
Personal name Sacheti/D.C
245 ## - TITLE STATEMENT
Title Statistics
260 ## - PUBLICATION, DISTRIBUTION, ETC.
Name of publisher, distributor, etc. Sultan Chand & Sons
Place of publication, distribution, etc. New Delhii
Date of publication, distribution, etc. 1972
300 ## - PHYSICAL DESCRIPTION
Extent 359
546 ## - LANGUAGE NOTE
Language note ENGLISH
654 ## - SUBJECT ADDED ENTRY--FACETED TOPICAL TERMS
Focus term stats
942 ## - ADDED ENTRY ELEMENTS (KOHA)
Koha item type BOOK
Holdings
Withdrawn status Lost status Damaged status Not for loan Collection Home library Current library Date acquired Total Checkouts Full call number Barcode Date last seen Price effective from Koha item type
        AFT Fr. Agnel's C.Rodrigues College of Engineering Fr. Agnel's C.Rodrigues College of Engineering 17/03/2023   AFT7740 17/03/2023   BOOK